| 000 | 00813cac a22002171u 4500 | ||
|---|---|---|---|
| 090 | _c1173 | ||
| 008 | 081029t1975 xxu||||| |||| 00| 0 eng d | ||
| 010 | _a74029418 | ||
| 020 | _a8120301625 | ||
| 082 | 0 | 0 |
_a001.424 _bW1321 |
| 100 | _aWagner, Harvey M. | ||
| 245 | 1 | 0 |
_aPrinciples of operations research : _bwith applications to managerial decisions / _cHarvey M. Wagner. |
| 250 | _a2d ed. | ||
| 260 |
_aNew Delhi : _bPrentice Hall of India, _c[1975] |
||
| 300 |
_axii, 1039 p. : _bill. ; _c25 cm. |
||
| 500 | _aIncludes indexes. | ||
| 504 | _aBibliography: p. 998-1026. | ||
| 650 | 0 | _aOperations research. | |
| 942 |
_cBB _k001.424W1321 _2ddc |
||
| 999 |
_c1173 _d1173 |
||